|
|
|
|
| LEADER |
00000naa2a2200000 4500 |
| 001 |
396066 |
| 005 |
20231101064726.0 |
| 035 |
|
|
|a (RuTPU)RU\TPU\prd\33839
|
| 035 |
|
|
|a RU\TPU\prd\33838
|
| 090 |
|
|
|a 396066
|
| 100 |
|
|
|a 20050316a2003 k y0rusy50 ca
|
| 101 |
0 |
|
|a rus
|
| 102 |
|
|
|a RU
|
| 200 |
1 |
|
|a Процесс развития современных библиотек с позиции синергетики
|f М. Г. Вохрышева, Т. М. Кузьмишина
|
| 320 |
|
|
|a Библиогр.: 17 назв.
|
| 461 |
|
0 |
|0 (RuTPU)RU\TPU\prd\1594
|x 0130-9765
|t Научные и технические библиотеки
|o ежемесячный сборник по вопросам теории и практики библиотечного дела
|f Государственная публичная научно-техническая библиотека России
|d 1994-
|
| 463 |
|
0 |
|0 (RuTPU)RU\TPU\prd\17942
|t № 6
|v С. 4-13
|d 2003
|
| 610 |
1 |
|
|a библиотеки
|
| 610 |
1 |
|
|a синергетическое развитие
|
| 610 |
1 |
|
|a гибридные библиотеки
|
| 610 |
1 |
|
|a синергетика
|
| 700 |
|
1 |
|a Вохрышева
|b М. Г.
|g Маргарита Георгиевна
|
| 701 |
|
1 |
|a Кузьмишина
|b Т. М.
|g Татьяна Михайловна
|
| 801 |
|
1 |
|a RU
|b 63413507
|c 20050311
|g PSBO
|
| 801 |
|
2 |
|a RU
|b 63413507
|c 20060602
|g PSBO
|
| 942 |
|
|
|c BK
|